The Forsaken Quiz - Statistics

General Stats
  • This quiz has been taken 124 times
  • The average score is 14 of 18
Answer Stats
Hint Answer % Correct
What is the default killer you get in Forsaken when you join the game for the first time Slasher
100%
The 3 free survivors Noob/Elliot/Shedletsky
93%
The survivor which is a gambler Chance
92%
The CEO of Roblox Builderman
88%
The father of C00lkidd 007N7
87%
The main character from the Roblox movie: The last Guest Guest 1337
86%
The character from which people started a cult called "Spawnism" Two Time
86%
The character based on Matt Dusek Dusekkar
85%
Shedletsky's Hatred 1x1x1x1/1x4
81%
The character which was rumored to be a hacker but was a test account of Roblox John doe
81%
The person from FridayThe13th which had a voiceline "kiki mama" Jason
77%
The killer which costs the least amount of money (not free) Coolkid
76%
In his lore he was a demolitionist Taph
75%
The Killer skin you get when you kill 50 shedletsky's Hacklord
71%
The acheivement you get when you join the game for the first time Welcome to hell
71%
The skin of noli which screams "I'm a idiot hahahaha" YAAI
62%
The skin or achievement you will get when you will punch the killer right after blocking +PARRY/Parry/Ultrakill
61%
The skin you get if you keep a dispenser alive for more than 140 seconds Engineer
58%
No matching quizzes found
Score Distribution
Percent of People with Each Score
Percentile by Number Answered
Your Score History
You have not taken this quiz